Statistics for Provinces of the Kingdom of Prussia in 1914 (with a Map)

Click here to take the quiz!

General Stats

  • This quiz has been taken 2,863 times
  • The average score is 10 of 14

Answers on the Map

Answers color-coded by a green-red scale on the quiz's map according to % correct below.
 

Answer Stats

Provinces% Correct
Schleswig-Holstein
90%
Brandenburg
88%
Silesia
83%
Pomerania
82%
Hanover
79%
Berlin
78%
Saxony
78%
East Prussia
77%
Rhine
72%
Hesse-Nassau
68%
West Prussia
64%
Westphalia
59%
Posen
56%
Hohenzollern
47%

Score Distribution

Percentile by Number Answered

Percent of People with Each Score

Your Score History

You have not taken this quiz